Versiones castellanas de la Biblia

Salvato in:
Dettagli Bibliografici
Autore principale: Marroquin, Hazael T.
Natura: Libro
Lingua:spagnolo
Pubblicazione: México, D.F. El Faro. 1951.
Soggetti:
Tags: Aggiungi Tag
Nessun Tag, puoi essere il primo ad aggiungerne!!

MARC

LEADER 00000nam a22000005a 4500
001 17153
003 CL-ChBUA
005 20170907131158.0
007 ta
008 070301s1951 mx 000 0 spa
040 |a CL-ChBUA  |c CL-ChBUA  |e rda 
082 0 0 |a 220.56 
100 1 |a Marroquin, Hazael T. 
245 1 0 |a Versiones castellanas de la Biblia 
260 |b El Faro.  |a México, D.F.  |c 1951. 
630 4 |a BIBLIAS  |x VERSIONES 
942 |c LIB  |2 ddc 
945 |0 nac 
952 |0 0  |1 0  |4 0  |7 0  |9 23732  |a UNACH  |b UNACH  |c 200  |d 2007-03-05  |i 3.881.  |l 0  |o 220.56 / M 361.  |p 24731  |r 2025-11-21 09:34:04  |u 23732  |w 2012-08-08  |y LIB  |k 220.56 / M 361. 
999 |c 17153  |d 17153